| 000 | 00620nam a22001937a 4500 | ||
|---|---|---|---|
| 999 |
_c1330 _d1330 |
||
| 003 | AR-CdUCM | ||
| 008 | 190226b ||||| |||| 00| 0 spa d | ||
| 040 |
_aMUNICIPALIDAD PROVINCIAL DEL CUSCO _cBIBLIOTECA MUNICIPAL DEL CUSCO |
||
| 082 |
_a869.56 / _bB41 |
||
| 100 |
_aBenavente, Vicente _95107 |
||
| 245 |
_aCinco poemas para mañana : _bmensaje cholo / |
||
| 260 |
_aJuliaca : _bEdiciones Cielo y Tierra, _c1965. |
||
| 300 |
_a41 páginas ; _bretrato, _c22 cm. |
||
| 650 |
_aPoesías peruanas _91481 |
||
| 650 |
_aPoesías siglo XX _93861 |
||
| 650 |
_aLiteratura peruana _9169 |
||
| 942 |
_2ddc _cLIBROS |
||
| 945 | _azta | ||